[Event "4NCL 2017-18"]
[Site "England ENG"]
[Date "2018.02.10"]
[Round "5.28"]
[White "Bentley, John L"]
[Black "Bhatia, Kanwal K"]
[Result "1-0"]
[BlackTitle "WFM"]
[WhiteElo "2151"]
[BlackElo "2036"]
[WhiteTeam "3Cs"]
[BlackTeam "Barbican 4NCL"]
[WhiteFideId "409901"]
[BlackFideId "407496"]
[EventDate "2017.11.11"]

1. d4 Nf6 2. c4 c5 3. d5 b5 4. cxb5 a6 5. bxa6 g6 6. Nc3 Bxa6 7. e4 Bxf1 8. Kxf1
d6 9. g3 Bg7 10. Kg2 O-O 11. Nf3 Nbd7 12. a4 Qa5 13. Qe2 Rfb8 14. e5 dxe5 15.
Nxe5 Nxe5 16. Qxe5 c4 17. Rd1 e6 18. Qd4 Nxd5 19. Qxc4 Rb4 20. Qc6 Ne7 21. Qd7
Nf5 22. Ra3 Bf6 23. Qd2 Rd8 24. Qe1 Qa8+ 25. f3 Rxd1 26. Nxd1 Rxa4 27. Nf2 Bg7
28. Qe4 Rxa3 29. bxa3 Qc8 30. Bd2 Nd4 31. a4 f5 32. Qe3 Qa8 33. Bc3 e5 34. Bxd4
exd4 35. Qb3+ Kf8 36. Qb5 Qe8 37. Qc5+ Qe7 38. Qc8+ Qe8 39. Qc5+ Qe7 40. Qb6 Be5
41. a5 Qc7 42. Qb5 Ke7 43. a6 Kd8 44. a7 1-0

[Event "4NCL 2017-18"]
[Site "England ENG"]
[Date "2018.02.10"]
[Round "5.31"]
[White "Plat, Vojtech"]
[Black "Carleton, John J"]
[Result "1-0"]
[WhiteTitle "GM"]
[WhiteElo "2556"]
[BlackElo "2258"]
[WhiteTeam "Grantham Sharks"]
[BlackTeam "Spirit of Atticus"]
[WhiteFideId "325740"]
[BlackFideId "401013"]
[EventDate "2017.11.11"]

1. d4 d5 2. c4 e6 3. Nc3 Bb4 4. Nf3 Nf6 5. Bg5 h6 6. Bxf6 Qxf6 7. Qa4+ Nc6 8.
Ne5 Bd7 9. Nxd7 Qxd4 10. Qc2 Qe4 11. Qxe4 dxe4 12. O-O-O O-O-O 13. Nxe4 Rxd7 14.
Rxd7 Kxd7 15. e3 Rd8 16. a3 Be7 17. Be2 f5 18. Nd2 Bf6 19. Kc2 Ke7 20. b4 b6 21.
f4 g5 22. Bf3 Nb8 23. g3 e5 24. fxe5 Bxe5 25. Rf1 Rf8 26. Be2 Nd7 27. Bd3 f4 28.
exf4 gxf4 29. g4 a5 30. Bf5 Bd6 31. c5 bxc5 32. Re1+ Kd8 33. bxa5 Nb8 34. Nc4 f3
35. Kd3 Bxh2 36. Rh1 f2 37. Ke2 Bg1 38. Rxh6 Re8+ 39. Re6 Nc6 40. Rxe8+ Kxe8 41.
Be4 Na7 42. a6 Ke7 43. g5 f1=Q+ 44. Kxf1 Bd4 45. a4 c6 46. Ke2 Kd7 47. Kf3 Kc7
48. Bf5 1-0

[Event "4NCL 2017-18"]
[Site "England ENG"]
[Date "2018.02.10"]
[Round "5.32"]
[White "Lund, D Brett"]
[Black "Adair, James R"]
[Result "0-1"]
[BlackTitle "IM"]
[WhiteElo "2235"]
[BlackElo "2486"]
[WhiteTeam "Spirit of Atticus"]
[BlackTeam "White Rose"]
[WhiteFideId "401242"]
[BlackFideId "406252"]
[EventDate "2017.11.11"]

1. g3 c5 2. Bg2 g6 3. e4 Bg7 4. d3 Nc6 5. f4 d5 6. exd5 Nb4 7. c3 Nxd5 8. Nf3
Ngf6 9. Na3 O-O 10. O-O e6 11. Qe2 Qc7 12. Bd2 b6 13. Nc4 Bb7 14. Nce5 Rad8 15.
Rad1 Ne7 16. c4 Nf5 17. Bc3 Nd7 18. Ng4 h5 19. Ne3 Bxf3 20. Qxf3 Bd4 21. Bxd4
Nxd4 22. Qf2 Nf6 23. h3 Rd7 24. g4 hxg4 25. hxg4 Kg7 26. g5 Nh5 27. Rd2 f6 28.
Qh4 fxg5 29. fxg5 Rxf1+ 30. Nxf1 Qf4 31. Qxf4 Nxf4 32. Kf2 Rf7 33. Ke1 Rf5 34.
Be4 Re5 35. Kf2 Rxg5 36. Ng3 Nf5 37. Nf1 Nh3+ 38. Ke1 Rg1 39. Rh2 Ng3 40. Bg2
Nxf1 41. Bxf1 Nf4 42. Rd2 e5 43. Rd1 g5 44. a3 g4 45. Kf2 Nh3+ 46. Ke2 a5 47. b4
axb4 48. axb4 cxb4 49. d4 Kf6 50. c5 bxc5 51. dxc5 Rg3 52. Rd6+ Kg5 53. Rb6 Nf4+
54. Kf2 Rc3 55. Rxb4 g3+ 56. Kg1 Rxc5 0-1

[Event "4NCL 2017-18"]
[Site "England ENG"]
[Date "2018.02.10"]
[Round "5.33"]
[White "McNab, Colin A"]
[Black "Mitchell, Martin"]
[Result "1/2-1/2"]
[WhiteTitle "GM"]
[WhiteElo "2416"]
[BlackElo "2241"]
[WhiteTeam "White Rose"]
[BlackTeam "Spirit of Atticus"]
[WhiteFideId "2400030"]
[BlackFideId "2400634"]
[EventDate "2017.11.11"]

1. c4 Nf6 2. g3 e6 3. Nf3 d5 4. b3 Be7 5. Bg2 O-O 6. O-O c5 7. e3 Nc6 8. Bb2 d4
9. exd4 cxd4 10. Re1 Ne8 11. Ne5 Nxe5 12. Rxe5 f6 13. Re1 Nc7 14. Ba3 Rb8 15.
Bxe7 Qxe7 16. d3 b5 17. Nd2 bxc4 18. bxc4 e5 19. f4 Rb2 20. Nf3 Bg4 21. h3 Bxf3
22. Qxf3 Qb4 23. a3 Qd2 24. Rad1 Qc3 25. Rf1 exf4 26. Qxf4 Qc2 27. Qf2 Qc3 28.
Qf4 Qc2 29. Qf2 Qc3 1/2-1/2

[Event "4NCL 2017-18"]
[Site "England ENG"]
[Date "2018.02.10"]
[Round "5.34"]
[White "House, Glenn L"]
[Black "Alsina Leal, Daniel"]
[Result "0-1"]
[WhiteTitle "FM"]
[BlackTitle "GM"]
[WhiteElo "2199"]
[BlackElo "2487"]
[WhiteTeam "Spirit of Atticus"]
[BlackTeam "White Rose"]
[WhiteFideId "406228"]
[BlackFideId "2252627"]
[EventDate "2017.11.11"]

1. Nf3 Nf6 2. g3 g6 3. Bg2 Bg7 4. O-O d5 5. d3 O-O 6. Nbd2 c5 7. e4 Nc6 8. Re1
e5 9. exd5 Nxd5 10. Nc4 f6 11. a4 Be6 12. c3 Nde7 13. Qe2 Qd7 14. Be3 b6 15. d4
cxd4 16. cxd4 e4 17. Nfd2 f5 18. Nb3 Rac8 19. d5 Qxd5 20. Bf1 Nb4 21. Bg5 Rfe8
22. Nbd2 Nec6 23. Ne3 Qd7 0-1

[Event "4NCL 2017-18"]
[Site "England ENG"]
[Date "2018.02.10"]
[Round "5.35"]
[White "Wells, Peter K"]
[Black "Ivell, Nicholas W"]
[Result "1-0"]
[WhiteTitle "GM"]
[WhiteElo "2418"]
[BlackElo "2201"]
[WhiteTeam "White Rose"]
[BlackTeam "Spirit of Atticus"]
[WhiteFideId "400327"]
[BlackFideId "400726"]
[EventDate "2017.11.11"]

1. d4 d5 2. c4 e6 3. Nf3 c5 4. cxd5 exd5 5. g3 Nc6 6. Bg2 Nf6 7. O-O Be7 8. dxc5
Bxc5 9. a3 O-O 10. b4 Bb6 11. Nc3 h6 12. Bb2 Re8 13. Rc1 a6 14. Na4 Ba7 15. e3
Ne4 16. Nd2 Nxf2 17. Rxf2 Bxe3 18. Qf3 Bxf2+ 19. Qxf2 d4 20. Nc5 d3 21. Be4 f5
22. Bxd3 b6 23. Bc4+ Kh8 24. Qf4 Qg5 25. Qxg5 hxg5 26. Bd5 Re2 27. Bxc6 Ra7 28.
Ncb3 Rc7 29. a4 f4 30. Bd4 Bg4 31. Bxb6 Rxc6 32. Rxc6 Re1+ 33. Kg2 1-0

[Event "4NCL 2017-18"]
[Site "England ENG"]
[Date "2018.02.10"]
[Round "5.36"]
[White "Jackson, Sheila"]
[Black "Gourlay, Iain"]
[Result "0-1"]
[WhiteTitle "WGM"]
[BlackTitle "FM"]
[WhiteElo "2098"]
[BlackElo "2369"]
[WhiteTeam "Spirit of Atticus"]
[BlackTeam "White Rose"]
[WhiteFideId "402508"]
[BlackFideId "2401533"]
[EventDate "2017.11.11"]

1. e4 e5 2. Nf3 Nc6 3. Bb5 a6 4. Ba4 Nf6 5. d3 d6 6. O-O b5 7. Bb3 Na5 8. Nc3
Be7 9. h3 O-O 10. Bg5 c6 11. Qd2 h6 12. Bxf6 Bxf6 13. Rfe1 Re8 14. Ne2 Nxb3 15.
axb3 Kh7 16. Ng3 g6 17. b4 Bg7 18. d4 exd4 19. Nxd4 Qb6 20. c3 c5 21. bxc5 dxc5
22. Nf3 Bb7 23. Qf4 Re7 24. Rad1 Rae8 25. h4 Qc7 26. Qxc7 Rxc7 27. Rd6 b4 28.
Rc1 a5 29. cxb4 axb4 30. b3 Bxe4 31. Nd2 Bb7 32. Rb6 Bc3 33. Nc4 Bd5 34. h5 Re6
35. hxg6+ fxg6 36. Rxe6 Bxe6 37. Ne4 Bxc4 38. bxc4 Bd4 39. Nd2 Rf7 40. Rf1 Ra7
41. Nb3 Ra2 42. Nxd4 cxd4 43. Rb1 d3 0-1

[Event "4NCL 2017-18"]
[Site "England ENG"]
[Date "2018.02.10"]
[Round "5.37"]
[White "Palliser, Richard J D"]
[Black "Latham, David"]
[Result "1-0"]
[WhiteTitle "IM"]
[WhiteElo "2418"]
[BlackElo "2102"]
[WhiteTeam "White Rose"]
[BlackTeam "Spirit of Atticus"]
[WhiteFideId "407372"]
[BlackFideId "428280"]
[EventDate "2017.11.11"]

1. d4 Nf6 2. Bf4 d5 3. e3 e6 4. Nd2 c5 5. c3 Nc6 6. Ngf3 Bd7 7. Bd3 Be7 8. Ne5
Rc8 9. Qf3 cxd4 10. exd4 Nxe5 11. dxe5 Ng8 12. Nb3 a6 13. O-O g6 14. Nd4 Bg5 15.
Rfe1 Nh6 16. Qe3 Bxf4 17. Qxf4 Nf5 18. Bxf5 gxf5 19. Qh6 Rg8 20. f4 Qb6 21. Qxh7
Rg4 22. h3 Rxf4 23. Qg8+ 1-0

[Event "4NCL 2017-18"]
[Site "England ENG"]
[Date "2018.02.10"]
[Round "5.38"]
[White "Ackley, Peter J E"]
[Black "Sucikova, Svetlana"]
[Result "1-0"]
[BlackTitle "WFM"]
[WhiteElo "2017"]
[BlackElo "2139"]
[WhiteTeam "Spirit of Atticus"]
[BlackTeam "White Rose"]
[WhiteFideId "414824"]
[BlackFideId "14923653"]
[EventDate "2017.11.11"]

1. c4 e5 2. g3 Nc6 3. Nc3 g6 4. Bg2 Bg7 5. e4 d6 6. Nge2 f5 7. d3 Nf6 8. O-O O-O
9. Nd5 h6 10. Be3 Kh7 11. h3 Be6 12. Qd2 Qd7 13. Kh2 g5 14. Nxf6+ Rxf6 15. exf5
Bxf5 16. d4 Rff8 17. d5 Ne7 18. Nc3 Bg6 19. Be4 Bxe4 20. Nxe4 Qf5 21. f3 Ng8 22.
Kg2 Qg6 23. Qd3 Kh8 24. Rad1 b6 25. g4 Rae8 26. b4 Nf6 27. Bg1 Re7 28. Be3 Qe8
29. Rde1 Ref7 30. Ng3 Qa4 31. Qb3 Qd7 32. Nf5 Ng8 33. Ng3 Ne7 34. Qd3 Qa4 35. a3
c6 36. Ne4 cxd5 37. cxd5 Ng6 38. Kg3 Nh4 39. Bxg5 Rxf3+ 1-0

[Event "4NCL 2017-18"]
[Site "England ENG"]
[Date "2018.02.10"]
[Round "5.41"]
[White "Pigott, John C"]
[Black "Roberson, Peter T"]
[Result "1/2-1/2"]
[WhiteTitle "IM"]
[BlackTitle "IM"]
[WhiteElo "2400"]
[BlackElo "2410"]
[WhiteTeam "The ADs"]
[BlackTeam "Grantham Sharks"]
[WhiteFideId "400459"]
[BlackFideId "412384"]
[EventDate "2017.11.11"]

1. e4 e5 2. Nf3 Nc6 3. Bc4 Bc5 4. c3 Nf6 5. d3 O-O 6. O-O d5 7. exd5 Nxd5 8. b4
Be7 9. b5 Na5 10. Bxd5 Qxd5 11. c4 Qd7 12. Bd2 e4 13. Bxa5 exf3 14. Qxf3 a6 15.
bxa6 Rxa6 16. Bc3 Bf6 17. Rd1 Bd4 18. Qf4 Rd6 19. Bxd4 Rxd4 20. Qf3 Qf5 21. Qxf5
Bxf5 22. Nc3 Rxd3 23. Nd5 Rxd1+ 24. Rxd1 Be6 25. Nxc7 Bxc4 26. Rb1 Rc8 27. Rxb7
Bxa2 28. h4 Bc4 29. Rb4 1/2-1/2

[Event "4NCL 2017-18"]
[Site "England ENG"]
[Date "2018.02.10"]
[Round "5.42"]
[White "Rendle, Thomas E"]
[Black "Stewart, Ashley"]
[Result "1/2-1/2"]
[WhiteTitle "IM"]
[WhiteElo "2365"]
[BlackElo "2166"]
[WhiteTeam "Grantham Sharks"]
[BlackTeam "The ADs"]
[WhiteFideId "408760"]
[BlackFideId "419001"]
[EventDate "2017.11.11"]

1. e4 c5 2. Nf3 g6 3. d4 cxd4 4. Qxd4 Nf6 5. Nc3 Nc6 6. Qa4 d6 7. e5 dxe5 8.
Nxe5 Bg7 9. Bb5 O-O 10. Nxc6 bxc6 11. Bxc6 Rb8 12. O-O Qc7 13. Re1 Rb6 14. Nd5
Nxd5 15. Bxd5 Bxb2 16. Bxb2 Rxb2 17. Bb3 Qc5 18. Qe4 Be6 19. Bxe6 fxe6 20. Re2
Qd5 21. Qa4 Rfb8 22. h3 a5 23. a3 Rb1+ 24. Re1 Rxa1 25. Rxa1 Qb5 26. Qe4 Qd5 27.
Qe1 Rc8 28. Rd1 Qf5 29. c3 Rc5 30. Qe3 Qe5 31. Qf3 Rd5 32. c4 Rxd1+ 33. Qxd1 Qc3
34. a4 Qxc4 35. Qd8+ Kf7 36. Qxa5 Qc1+ 37. Kh2 Qf4+ 1/2-1/2

[Event "4NCL 2017-18"]
[Site "England ENG"]
[Date "2018.02.10"]
[Round "5.43"]
[White "Richardson, John R"]
[Black "Batchelor, Peter J"]
[Result "1/2-1/2"]
[WhiteTitle "FM"]
[BlackTitle "FM"]
[WhiteElo "2229"]
[BlackElo "2324"]
[WhiteTeam "The ADs"]
[BlackTeam "Grantham Sharks"]
[WhiteFideId "401617"]
[BlackFideId "424854"]
[EventDate "2017.11.11"]

1. e4 c6 2. Nf3 d5 3. Nc3 Nf6 4. e5 Ne4 5. Ne2 Qb6 6. d4 e6 7. Nfg1 f6 8. f3 Ng5
9. exf6 gxf6 10. f4 Nf7 11. Nf3 c5 12. f5 Nc6 13. Nf4 Nxd4 14. Nxd4 cxd4 15.
fxe6 Bxe6 16. Bd3 Ne5 17. O-O Bf7 18. a4 O-O-O 19. a5 Qc7 20. Bf5+ Kb8 21. a6 b6
22. Kh1 h5 23. h3 h4 24. Qxd4 Bc5 25. Qd1 Rhe8 26. b3 Nc6 27. Nd3 Bd6 28. Bf4 d4
29. Qg4 Bxf4 30. Qxf4 Qxf4 31. Nxf4 Re5 32. Bh7 Ne7 33. Nd3 Rh5 34. Be4 Bd5 35.
Rae1 Bxe4 36. Rxe4 Nf5 37. Rxf5 Rxf5 38. Rxh4 Rb5 39. Rh7 Rc8 40. Rb7+ Ka8 41.
Rd7 Kb8 42. Rb7+ Ka8 43. Rd7 Kb8 44. Rb7+ 1/2-1/2

[Event "4NCL 2017-18"]
[Site "England ENG"]
[Date "2018.02.10"]
[Round "5.44"]
[White "Foisor, Mihaela-Veronica"]
[Black "Swindells, Jonathan E"]
[Result "1/2-1/2"]
[WhiteTitle "WIM"]
[WhiteElo "2222"]
[BlackElo "2223"]
[WhiteTeam "Grantham Sharks"]
[BlackTeam "The ADs"]
[WhiteFideId "2270757"]
[BlackFideId "421863"]
[EventDate "2017.11.11"]

1. c4 g6 2. Nc3 Bg7 3. g3 Nf6 4. Bg2 O-O 5. e4 d6 6. Nge2 c5 7. d3 Nc6 8. O-O
Ne8 9. Be3 Nc7 10. d4 cxd4 11. Nxd4 Ne5 12. Qe2 Ng4 13. Nd5 Nxe3 14. Qxe3 Nxd5
15. exd5 Qb6 16. Nb5 Qxe3 17. fxe3 Bxb2 18. Rab1 Bg7 19. Nc7 Rb8 20. Na6 Ra8 21.
Nc7 Rb8 22. Na6 Bf5 23. Nxb8 Bxb1 24. Rxb1 Rxb8 25. a4 Bc3 26. Kf2 b6 27. Ke2 h5
28. Kd3 Be5 29. Bf3 Kg7 30. Rg1 Rh8 31. h3 Bb2 32. Rg2 Ba3 33. Rf2 Bc5 34. Rf1
Re8 35. e4 e6 36. dxe6 Rxe6 37. g4 hxg4 38. Bxg4 Re5 39. Bd7 Kf8 40. Bc6 Rh5 41.
Rf3 Ke7 42. Rg3 Bf2 43. Rf3 Bh4 44. Bb7 Ra5 45. Bd5 Bf6 46. Bc6 Rg5 47. Bd5 Rg1
48. Kc2 Ra1 49. Kb3 Rb1+ 50. Ka2 Ra1+ 51. Kb3 a5 52. Rf2 Rb1+ 53. Ka2 Re1 54.
Rf3 Re2+ 55. Ka3 Bb2+ 56. Kb3 Bf6 57. Ka3 Rh2 58. Kb3 Rb2+ 59. Ka3 Re2 60. Kb3
Rh2 61. Ka3 Bb2+ 62. Kb3 f6 63. Rg3 g5 64. Rf3 Be5 65. Bc6 Kd8 66. Ka3 Kc7 67.
Bd5 Kd7 68. Kb3 Ke7 69. Bc6 Kf7 70. Bd7 Re2 71. Bc6 Kg6 72. Ka3 Kh5 73. Be8+ Kh4
74. Bg6 Rc2 75. Kb3 Rb2+ 76. Ka3 Rb1 77. Bf5 Bd4 78. Bd7 Rb4 79. Bb5 Be5 80. Ka2
Bg3 81. Bd7 Rxc4 82. Rxf6 Be5 83. Rf3 Rxe4 84. Kb3 Bf4 85. Kc3 Kh5 86. Kd3 Rb4
87. Rf1 Kg6 88. Re1 Be5 89. Rf1 Bf6 90. Re1 Rd4+ 91. Kc2 Kf7 92. Rd1 Rc4+ 93.
Kd3 Rc3+ 94. Ke4 Ke7 95. Bg4 Rc4+ 96. Kd5 Rxa4 97. Rb1 Rd4+ 98. Kc6 Rc4+ 99.
Kxb6 a4 100. Kb5 Rf4 101. Rc1 a3 102. Rc7+ Kf8 103. Ra7 Bb2 104. Kc6 Rd4 105.
Be6 Rd3 106. Bf5 Rd2 107. Be6 Bc1 108. Rf7+ Ke8 109. Ra7 Bb2 110. Bd5 Be5 111.
Rxa3 Rc2+ 112. Kb6 Bd4+ 113. Kb7 Ke7 114. Ra4 Be5 115. h4 Rc5 116. Bc6 gxh4 117.
Rxh4 Ke6 118. Kb6 Rc1 119. Rh6+ Kf5 120. Bd5 Kf4 121. Rh4+ Ke3 122. Rc4 Ra1 123.
Kc6 Kd3 124. Rg4 Rc1+ 125. Kd7 Rc5 126. Ke6 Ra5 1/2-1/2

[Event "4NCL 2017-18"]
[Site "England ENG"]
[Date "2018.02.10"]
[Round "5.45"]
[White "Wheeler, Darren P"]
[Black "Mcgowan, Daniel"]
[Result "1/2-1/2"]
[WhiteElo "2227"]
[BlackElo "2151"]
[WhiteTeam "The ADs"]
[BlackTeam "Grantham Sharks"]
[WhiteFideId "410136"]
[BlackFideId "2401479"]
[EventDate "2017.11.11"]

1. e4 e6 2. d4 d5 3. Nc3 dxe4 4. Nxe4 Nd7 5. Nf3 Ngf6 6. Nxf6+ Nxf6 7. Ne5 a6 8.
Be2 c5 9. Be3 Qc7 10. Bf3 Be7 11. O-O O-O 12. c3 Rd8 13. Qe2 Nd5 14. Rfd1 Nxe3
15. Qxe3 Bd7 16. d5 exd5 17. Bxd5 Be8 18. c4 Bf6 19. Re1 Bxe5 20. Qxe5 Qxe5 21.
Rxe5 Rab8 22. Rae1 Kf8 23. f3 f6 24. Re7 Rd7 25. Rxd7 Bxd7 26. Kf2 1/2-1/2

[Event "4NCL 2017-18"]
[Site "England ENG"]
[Date "2018.02.10"]
[Round "5.46"]
[White "Bremner, Adam"]
[Black "Snape, Ian L"]
[Result "0-1"]
[WhiteTitle "CM"]
[WhiteElo "2218"]
[BlackElo "2155"]
[WhiteTeam "Grantham Sharks"]
[BlackTeam "The ADs"]
[WhiteFideId "2400847"]
[BlackFideId "404489"]
[EventDate "2017.11.11"]

1. d4 c5 2. d5 g6 3. c4 d6 4. e4 Nf6 5. Nc3 Bg7 6. Be2 O-O 7. Nf3 e6 8. O-O exd5
9. exd5 Bg4 10. h3 Bxf3 11. Bxf3 Nbd7 12. Bf4 Ne8 13. Qd2 Ne5 14. Be2 f5 15. a3
a6 16. Rab1 Rc8 17. Rfc1 Rc7 18. Be3 Re7 19. b4 b6 20. a4 h6 21. a5 g5 22. f4
Nxc4 23. Bxc4 Rxe3 24. Nd1 Re4 25. Bxa6 Rxb4 26. fxg5 Rd4 27. Qe1 Nc7 28. Rxb6
Qxg5 29. Rcb1 Re4 30. Qf1 Bd4+ 31. Kh1 Nxa6 32. Rxa6 Qg3 0-1

[Event "4NCL 2017-18"]
[Site "England ENG"]
[Date "2018.02.10"]
[Round "5.47"]
[White "Bellin, Jana M"]
[Black "Willis, Rupert"]
[Result "0-1"]
[WhiteTitle "WGM"]
[WhiteElo "2046"]
[BlackElo "2128"]
[WhiteTeam "The ADs"]
[BlackTeam "Grantham Sharks"]
[WhiteFideId "402168"]
[BlackFideId "1506951"]
[EventDate "2017.11.11"]

1. d4 Nf6 2. Nf3 c5 3. c3 e6 4. e3 d5 5. Bd3 Nc6 6. Nbd2 Be7 7. O-O O-O 8. Ne5
Nd7 9. f4 f5 10. Ndf3 Ndxe5 11. Nxe5 Nxe5 12. fxe5 Bd7 13. Bd2 b5 14. b4 c4 15.
Bc2 a5 16. a3 Qe8 17. Qf3 Qg6 18. h3 h5 19. g3 Ra7 20. Rad1 Qe8 21. h4 Qg6 22.
Kh2 axb4 23. axb4 Ra2 24. Bb1 Rb2 25. Rf2 Qg4 26. Qxg4 hxg4 27. Be1 Rxf2+ 28.
Bxf2 Ra8 29. Kg2 Be8 30. Be1 g5 31. hxg5 Bxg5 32. Kf2 Bg6 33. Bd2 Ra3 34. Bc2
Ra2 35. Rc1 Kg7 36. Ke2 Bh6 37. Kd1 Bg5 38. Ke2 Be7 39. Kd1 Bd8 40. Bb1 Rb2 41.
Bc2 Ra2 42. Bb1 Ra1 43. Bc2 Ra3 44. Ke2 Ra2 45. Kd1 Be7 46. Bb1 Ra8 47. Ke2 Ra1
48. Kd1 f4 49. Bxg6 Rxc1+ 50. Bxc1 fxg3 51. Be4 dxe4 52. Ke2 Bh4 53. Kf1 g2+ 54.
Kxg2 Be1 55. Bb2 Kg6 56. Kf1 Bd2 57. Kf2 Kf5 58. Ba1 Bc1 59. Ke2 g3 60. Kf1 Bxe3
61. Kg2 Kg4 62. Bb2 Bd2 63. d5 exd5 64. e6 Bg5 65. Bc1 Be7 66. Be3 Kf5 67. Kxg3
Kxe6 68. Kg4 Bf6 69. Bd2 d4 70. cxd4 Bxd4 0-1

[Event "4NCL 2017-18"]
[Site "England ENG"]
[Date "2018.02.10"]
[Round "5.48"]
[White "Cumbers, Paul"]
[Black "Ahluwalia, Amardip"]
[Result "1/2-1/2"]
[WhiteElo "2152"]
[BlackElo "2019"]
[WhiteTeam "Grantham Sharks"]
[BlackTeam "The ADs"]
[WhiteFideId "411299"]
[BlackFideId "437085"]
[EventDate "2017.11.11"]

1. e4 e5 2. f4 exf4 3. Nf3 g5 4. Nc3 Bg7 5. g3 d6 6. d4 Nc6 7. d5 Ne5 8. gxf4
gxf4 9. Bxf4 Bg4 10. Bb5+ Kf8 11. Be2 Ng6 12. Bg5 Nf6 13. Nd4 Bxe2 14. Qxe2 h6
15. Be3 Qd7 16. O-O-O Re8 17. Rhf1 Nxe4 18. Nxe4 Rxe4 19. Ne6+ Rxe6 20. dxe6
Qxe6 21. Kb1 a6 22. Qd3 Ke7 23. Rde1 Ne5 24. Qe4 c6 25. Qb4 b5 26. Qa5 Qc8 27.
Bf4 Rf8 28. Rg1 Bf6 29. Bxh6 Rh8 30. Bf4 Kf8 31. Qd2 Qe6 32. Qg2 Ke7 33. Bg5
Bxg5 34. Qxg5+ Qf6 35. Qxf6+ Kxf6 36. Re2 Rh3 37. Rf1+ Ke6 38. b3 Ke7 39. Kb2 a5
40. Rf4 Ke6 41. c3 f5 42. Kc2 Kf6 43. Rd4 Ke6 44. a4 c5 45. Rf4 b4 46. cxb4 cxb4
47. Rd4 Rc3+ 48. Kb2 d5 49. h4 Kf6 50. Rxd5 Nd3+ 51. Kb1 Rxb3+ 52. Kc2 Rc3+ 53.
Kd2 Nc5 54. Ree5 Rd3+ 55. Ke2 Rxd5 56. Rxd5 Nxa4 57. Rxa5 Nc3+ 58. Kd3 Kg6 59.
Kc4 Ne4 60. Kxb4 Ng3 61. Ra8 Kh5 62. Rh8+ Kg4 63. Kc3 Nh5 64. Kd3 Kxh4 65. Ke3
Kg5 66. Kf3 Ng7 67. Rg8 Kf6 68. Rf8+ Ke7 69. Rxf5 Nxf5 1/2-1/2

[Event "4NCL 2017-18"]
[Site "England ENG"]
[Date "2018.02.10"]
[Round "5.51"]
[White "Howell, David W L"]
[Black "Trent, Lawrence"]
[Result "1-0"]
[WhiteTitle "GM"]
[BlackTitle "IM"]
[WhiteElo "2701"]
[BlackElo "2417"]
[WhiteTeam "Cheddleton"]
[BlackTeam "Guildford"]
[WhiteFideId "410608"]
[BlackFideId "408638"]
[EventDate "2017.11.11"]

1. Nf3 b6 2. c4 Bb7 3. d4 e6 4. a3 Nf6 5. Nc3 d5 6. cxd5 Nxd5 7. Qc2 Nxc3 8.
Qxc3 h6 9. g3 Be4 10. Bg2 Nc6 11. O-O Qd5 12. Rd1 O-O-O 13. Be3 g5 14. Bf1 Bg7
15. Rac1 Qd7 16. b4 Ne7 17. Ne5 Bxe5 18. dxe5 Qc6 19. Qb2 Rxd1 20. Rxd1 Qa4 21.
Rc1 Rd8 22. f3 Bb7 23. Kf2 Nf5 24. Bd2 Nd4 25. Be3 Nf5 26. Bd2 Nd4 27. h4 Qb3
28. Bc3 Qxb2 29. Bxb2 gxh4 30. e4 hxg3+ 31. Kxg3 a5 32. Kf4 Nb3 33. Rc3 a4 34.
Ke3 Rd1 35. Bb5 Re1+ 36. Kf2 Rh1 37. Bxa4 Rh2+ 38. Kg3 Rxb2 39. Bxb3 Rd2 40. Ba4
Ba6 41. Be8 Rd3 42. Rxd3 Bxd3 43. Bxf7 Kd7 44. a4 c5 45. bxc5 bxc5 46. Kf2 Ke7
47. Bh5 Ba6 48. Ke3 Bc8 49. f4 Bd7 50. a5 Bb5 51. f5 Ba6 52. Be2 c4 53. f6+ Kf8
54. Kd4 c3 55. Bd1 1-0

[Event "4NCL 2017-18"]
[Site "England ENG"]
[Date "2018.02.10"]
[Round "5.52"]
[White "Suarez Real, Alberto"]
[Black "Hawkins, Jonathan"]
[Result "1/2-1/2"]
[WhiteTitle "IM"]
[BlackTitle "GM"]
[WhiteElo "2434"]
[BlackElo "2589"]
[WhiteTeam "Guildford"]
[BlackTeam "Cheddleton"]
[WhiteFideId "2218534"]
[BlackFideId "412686"]
[EventDate "2017.11.11"]

1. e4 e5 2. Nf3 Nc6 3. d4 exd4 4. Nxd4 Nf6 5. Nc3 Bb4 6. Nxc6 bxc6 7. Bd3 d5 8.
exd5 cxd5 9. O-O O-O 10. Bg5 c6 11. Qf3 Bd6 12. Rfe1 Rb8 13. Rab1 h6 14. Bxf6
Qxf6 15. Qxf6 gxf6 16. Ne2 c5 17. b3 Be6 18. Ng3 c4 19. Bf5 Bxg3 20. Bxe6 fxe6
21. hxg3 Kf7 22. bxc4 dxc4 23. Kf1 Rb6 24. Ke2 Rd8 25. Rxb6 axb6 26. Rb1 c3 27.
Rd1 Ra8 28. Rd7+ Kg6 29. Rc7 Rxa2 30. Rxc3 Kf5 31. Kd2 Ra5 32. Rb3 Rd5+ 33. Ke3
Re5+ 34. Kd3 Rd5+ 35. Ke3 Re5+ 36. Kd3 1/2-1/2

[Event "4NCL 2017-18"]
[Site "England ENG"]
[Date "2018.02.10"]
[Round "5.53"]
[White "Fodor, Tamas Jr."]
[Black "Fernandez, Daniel Howard"]
[Result "1-0"]
[WhiteTitle "GM"]
[BlackTitle "GM"]
[WhiteElo "2503"]
[BlackElo "2487"]
[WhiteTeam "Cheddleton"]
[BlackTeam "Guildford"]
[WhiteFideId "723762"]
[BlackFideId "5801605"]
[EventDate "2017.11.11"]

1. c4 e6 2. g3 g6 3. d4 Bg7 4. Bg2 d5 5. Nf3 Ne7 6. O-O O-O 7. Qc2 Nbc6 8. Rd1
b6 9. Bf4 Bb7 10. Na3 Nf5 11. e3 Nb4 12. Qd2 a5 13. b3 Nd6 14. Bxd6 Qxd6 15. Nb5
Qd8 16. Rac1 c6 17. Nc3 c5 18. cxd5 Nxd5 19. Nxd5 Bxd5 20. dxc5 bxc5 21. Rxc5
Qb6 22. Qc2 a4 23. bxa4 Qb4 24. Ne1 Bxg2 25. Rc4 Qxc4 26. Qxc4 Bd5 27. Rxd5 exd5
28. Qxd5 Rxa4 29. Nf3 h6 30. Nh4 Kh7 31. Kg2 Ra7 32. g4 Rb8 33. Nf3 Rb2 34. a3
Rc7 35. h4 Rcc2 36. Qxf7 Rxf2+ 37. Kg3 Rg2+ 38. Kh3 Rge2 39. Qe6 Ra2 40. Qb3 Rf2
41. Kg3 Rg2+ 42. Kf4 Rab2 43. Qe6 Rb8 44. h5 Rf8+ 45. Ke4 gxh5 46. gxh5 Rg3 47.
Nd4 Ra8 48. Kf4 Rxe3 49. Kxe3 Rxa3+ 50. Ke4 Ra4 51. Qg6+ 1-0